Guccini discography - Statistics

General Stats
  • This quiz has been taken 187 times
  • The average score is 45 of 129
Answer Stats
Album Songs % Correct
L'avvelenata
91%
Venezia
86%
Via Paolo Fabbri 43
86%
Amerigo Amerigo
77%
Metropolis Bisanzio
77%
Bologna
77%
Cirano
77%
Eskimo
77%
Canzone dei dodici mesi
73%
Canzone della bambina portoghese
73%
Canzone di notte
73%
La locomotiva
73%
Milano (Poveri bimbi di)
73%
Auschwitz
68%
Canzone di notte n. 2
68%
L'ultima Thule Canzone di notte n. 4
68%
Canzone per il Che
68%
Don Chisciotte
68%
Due anni dopo
68%
| L'isola non trovata L'isola non trovata
68%
Signora Bovary
68%
Stanze di vita quotidiana Canzone delle osterie di fuori porta
64%
Canzone di notte n. 3
64%
Il vecchio e il bambino
64%
Incontro
64%
Folk beat n.1 Noi non ci saremo
64%
Quello che non... Quello che non...
64%
Radici Radici
64%
Stagioni
64%
Vedi cara
64%
Farewell
59%
D'amore di morte e di altre sciocchezze Lettera
59%
L'ultima Thule
59%
Quattro stracci
59%
Vorrei
59%
Parnassius Guccinii Canzone per Silvia
55%
I fichi
55%
Signora Bovary Scirocco
55%
Guccini Autogrill
50%
Il sociale e l'antisociale
50%
In morte di S.F.
50%
Piccola città
50%
Primavera di Praga
50%
Addio
45%
Stagioni Addio (intro)
45%
Argentina
45%
Autunno
45%
L'atomica cinese
45%
Ophelia
45%
Canzone delle domande consuete
41%
Libera nos Domine
41%
Piazza Alimonda
41%
Samantha
41%
Antenòr
36%
Asia
36%
L'ubriaco
36%
Ritratti Odỳsseus
36%
Via Paolo Fabbri 43 Piccola storia ignobile
36%
Canzone delle colombe e del fiore
32%
Ho ancora la forza
32%
Il compleanno
32%
Il pensionato
32%
Le cinque anatre
32%
Un altro giorno è andato
32%
Cristoforo Colombo
27%
Il matto
27%
Il testamento di un pagliaccio
27%
Stelle
27%
Una canzone
27%
Æmilia
23%
Al trist
23%
Canzone quasi d'amore
23%
L'albero ed io
23%
Due anni dopo Lui e lei
23%
Statale
23%
Van Loon
23%
Acque
18%
Canzone della vita quotidiana
18%
Canzone per Piero
18%
Culodritto
18%
E un giorno...
18%
Il frate
18%
Lager
18%
L'ultima volta
18%
Quel giorno d'aprile
18%
Canzone delle ragazze che se ne vanno
14%
Canzone delle situazioni differenti
14%
Il 3 dicembre del '39
14%
Keaton
14%
La ballata degli annegati
14%
La collina
14%
La tua libertà
14%
Luna fortuna
14%
Mondo nuovo
14%
Nostra signora dell'ipocrisia
14%
Primavera '59
14%
100, Pennsylvania Ave.
9%
Black-out
9%
Cencio
9%
Dovevo fare del cinema
9%
Gli amici
9%
Gulliver
9%
Inverno '60
9%
L'orizzonte di K. D.
9%
Non bisognerebbe
9%
Notti
9%
Shomèr ma mi-llailah?
9%
Talkin' Milano
9%
Venerdì santo
9%
Vite
9%
Ballando con una sconosciuta
5%
Canzone della triste rinuncia
5%
Canzone per Anna
5%
Giorno d'estate
5%
Il caduto
5%
Il tema
5%
Inutile
5%
La verità
5%
La żiatta (La tieta)
5%
Le piogge d'aprile
5%
Le ragazze della notte
5%
L'uomo
5%
Parole
5%
Su in collina
5%
Certo non sai
0%
Gli artisti
0%
Per quanto è tardi
0%
Tango per due
0%
No matching quizzes found
Score Distribution
Percent of People with Each Score
Percentile by Number Answered
Your Score History
You have not taken this quiz